Khuyến nghị thực hiện phương thức đồng quản lý nguồn lợi trong ngành thủy sản Việt Nam
Trình bày phương thức đồng quản lý và vai trò của cộng đồng ngư dân trong quản lý nguồn lợi thủy sản, kinh nghiệm thực tiễn từ các mô hình đồng quản lý nguồn lợi thủy sản,...
সংরক্ষণ করুন:
| বিন্যাস: | গ্রন্থ |
|---|---|
| ভাষা: | Undetermined |
| প্রকাশিত: |
Hà Nội
UNDP
|
| বিষয়গুলি: | |
| ট্যাগগুলো: |
ট্যাগ যুক্ত করুন
কোনো ট্যাগ নেই, প্রথমজন হিসাবে ট্যাগ করুন!
|
| Thư viện lưu trữ: | Trung tâm Học liệu Trường Đại học Cần Thơ |
|---|
| LEADER | 00810nam a2200157Ia 4500 | ||
|---|---|---|---|
| 001 | CTU_229967 | ||
| 008 | 210402s9999 xx 000 0 und d | ||
| 082 | |a 333.956 | ||
| 082 | |b Kh527 | ||
| 245 | 0 | |a Khuyến nghị thực hiện phương thức đồng quản lý nguồn lợi trong ngành thủy sản Việt Nam | |
| 260 | |a Hà Nội | ||
| 260 | |b UNDP | ||
| 520 | |a Trình bày phương thức đồng quản lý và vai trò của cộng đồng ngư dân trong quản lý nguồn lợi thủy sản, kinh nghiệm thực tiễn từ các mô hình đồng quản lý nguồn lợi thủy sản,... | ||
| 650 | |a Nguồn lợi thủy sản,Aquatic resources | ||
| 910 | |b nthai | ||
| 980 | |a Trung tâm Học liệu Trường Đại học Cần Thơ | ||